000 00507nam a2200217Ia 4500
003 0100
008 130303s9999 xx 000 0 und d
020 _a0415045959
040 _cARRUPELIB
050 _aDG552.G645
100 _aGooch, Jonh
245 4 _aThe Unification of Italy
260 _aLondon
260 _bMethuen Co.Ltd
260 _C1986
300 _axiv
300 _b 42p. 22cm
440 _aLancaster Pamphlets
650 _bChretiens de Tous les temps no20
942 _2lcc
_01
999 _c62840
_d62840